Szczegóły MARC21

Gwary powiatu niemodlińskiego. Cz. 2, Morfologia, teksty gwarowe /

003 -Nazwa inst., której nr kontr. jest w polu 001 [,]
    • @
    • Nazwa instytucji, której n kontrolny jest w polu 001
    • NUKAT
005 -DATA I CZAS OSTATNIEJ MODYFIKACJI [,]
    • @
    • pole kontrolne
    • 20241231090726.0
040 -Instytucja sporządzająca opis [ , ]
    • a
    • Instytucja, która sporządziła opis (NP)
    • OLSZT 003/BK
    • c
    • Instytucja, która sporządziła rekord (NP)
    • OLSZT 003/BK
    • d
    • Instytucja, która zmodyfikowała rekord (P)
    • OLSZT 003/DK
942 -Rodzaj dokumentu [ , ]
    • c
    • Rodzaj dokumentu
    • Książka
100 -Hasło główne - nazwa osobowa [1, ]
    • a
    • Nazwa osobowa (NP)
    • Dobrzyński, Walenty
    • d
    • Daty biograficzne (NP)
    • (1920-1999).
    • 9
    • KHW
    • 26525
245 -Strefa tytułu i oznaczenia odpowiedzialności [1,0]
    • a
    • Tytuł
    • Gwary powiatu niemodlińskiego. Find
    • n
    • Oznaczenie części (P)
    • Cz. 2,
    • p
    • Nazwa części (P)
    • Morfologia, teksty gwarowe /
    • c
    • Pozostałe elementy strefy tytułu i oznaczenia odpowiedzialności (NP)
    • Walenty Dobrzyński.
260 -Strefa adresu wydawniczego [ , ]
    • a
    • Miejsce wydania (P)
    • Wrocław :
    • b
    • Nazwa wydawcy (P)
    • Państwowe Wydawnictwo Naukowe. Oddział Wrocławski,
    • c
    • Data wydania (P)
    • 1967.
300 -Strefa opisu fizycznego [ , ]
    • a
    • Określenie formy książki i/lub objętość (NP)
    • 154 s. ;
    • c
    • Format (NP)
    • 24 cm.
336 -Typ zawartości [ , ]
    • a
    • Termin opisujący typ zawartości
    • Tekst
    • b
    • Kod określający zawartość
    • txt
    • 2
    • Źródło (terminu i kodu)
    • rdacontent
337 -Typ mediów [ , ]
    • a
    • Tryb odtwarzania
    • Bez urządzenia pośredniczącego
    • b
    • Kod typu mediów
    • n
    • 2
    • Źródło (terminu i kodu)
    • rdamedia
338 -Typ/rodzaj nośnika [ , ]
    • a
    • Hasło opisujące typ nośnika
    • Wolumin
    • b
    • Kod typu nośnika
    • nc
    • 2
    • Źródło (terminu i kodu)
    • rdacarrier
490 -Strefa serii i książki wielotomowej - forma nie do wyszukiwania [1, ]
    • a
    • Tytuł (P)
    • Zeszyty Naukowe Wyższej Szkoły Pedagogicznej w Opolu. Seria B, Studia i Rozprawy ; Find
    • v
    • Numeracja (P)
    • nr 18
830 -Hasło dodatkowe serii i opisu książki wielotomowej - tytuł ujednolicony/tytuł [ ,0]
    • a
    • Tytuł ujednolicony/tytuł (NP)
    • Zeszyty Naukowe Wyższej Szkoły Pedagogicznej w Opolu.
    • n
    • Oznaczenie części/podserii/sekcji (P)
    • Seria B,
    • p
    • Nazwa części/podserii/sekcji (P)
    • Studia i Rozprawy
    • x
    • ISSN
    • 0078-544X
    • v
    • Oznaczenie tomu (NP)
    • nr 18
    • 9
    • KHW
    • 45660
504 -Uwaga dot. bibliogr. załącznikowej [ , ]
    • a
    • Uwaga dot. bibliografii załącznikowej
    • Wykaz literatury s. 152.
080 -Uniwersalna Klasyfikacja Dziesiętna [ , ]
    • 2
    • Identyfikator wydania tablic
    • UDC-P058
    • 9
    • UKD
    • 6487
    • a
    • Symbol klasyfikacji
    • 811.162.1'282
    • b
    • Dopowiedzenie
    • Język polski. - Dialekty. Język lokalny i regionalny. Warianty językowe. Gwary i narzecza.
080 -Uniwersalna Klasyfikacja Dziesiętna [ , ]
    • 2
    • Identyfikator wydania tablic
    • UDC-P058
    • 9
    • UKD
    • 12370
    • a
    • Symbol klasyfikacji
    • 811.162.1'366
    • b
    • Dopowiedzenie
    • Język polski. - Morfologia. Fleksja. Słowotwórstwo.
650 -Hasło przedmiotowe [ ,7]
    • a
    • Hasło przedmiotowe
    • Język polski
    • x
    • Określnik rzeczowy
    • dialekty
    • z
    • Określnik geograficzny
    • Polska
    • z
    • Określnik geograficzny
    • Niemodlin (region)
    • x
    • Określnik rzeczowy
    • morfologia.
    • 2
    • Źródło terminu
    • kaba
    • 9
    • KHW
    • 376956
651 -Hasło przedmiotowe w formie nazwy geograficznej [ ,7]
    • a
    • Nazwa geograficzna
    • Śląsk Opolski (Polska ; region)
    • x
    • Określnik rzeczowy
    • języki.
    • 2
    • Źródło terminu
    • kaba
    • 9
    • KHW
    • 376954
980 -Symbol UKD [ , ]
    • a
    • UKD
    • 811.162.1'282:811.162.1'282
931 -Powiązanie tyt. z wydaw. ciągłym [ , ]
    • a
    • Powiązanie tytułówki z wydaw. ciągłym
    • PATRZ WYDAWNICTWO CIĄGŁE
    • z
    • Numer rek. powiązanego
    • 197517